banner-ar

فجر العلم الحديث (الاسلام-الصين_-الغرب)الجزء الثانى(عالم المعرفة220) / (Record no. 48127)

MARC details
000 -الفاتح
حقل البيانات ثابتة الطول 00766nam a2200229Ia 4500
008 - عناصر البيانات ثابتة الطول - معلومات عامة
حقل البيانات ثابتة الطول 140319s9999 xx 000 0 ara d
040 ## - مصدر الفهرسة
وكالة الفهرسة الأصلية GCL /
وكالة النسخ GCL
082 04 - رقم تصنيف ديوى العشرى
رقم التصنيف د
رقم المادة 050
100 1# - المدخل الرئيسى - إسم شخصى
الإسم الشخصى احمد محمود صبحى
245 10 - بيان العنوان
العنوان فجر العلم الحديث (الاسلام-الصين_-الغرب)الجزء الثانى(عالم المعرفة220) /
بيان المسئوليه,etc احمد محمود صبحى
700 1# - المدخل الاضافى - اسم شخصى
الإسم الشخصى هاف، توبى
300 ## - الوصف المادى
التعداد 238ص
490 ## - بيان السلسلة
عنوان السلسلة عالم المعرفة
رقم المجلد/ التعيين التسلسلي 0
650 04 - المدخل الاضافى بالموضوع-مصطلح موضوعى
مصطلح موضوعي العلم
650 04 - المدخل الاضافى بالموضوع-مصطلح موضوعى
مصطلح موضوعي العلم والحضارة
650 04 - المدخل الاضافى بالموضوع-مصطلح موضوعى
مصطلح موضوعي الحضارة الاسلامية
650 04 - المدخل الاضافى بالموضوع-مصطلح موضوعى
مصطلح موضوعي العلم والمجتمع
650 04 - المدخل الاضافى بالموضوع-مصطلح موضوعى
مصطلح موضوعي العلم والحياة
650 04 - المدخل الاضافى بالموضوع-مصطلح موضوعى
مصطلح موضوعي الحضارة - تاريخ
942 ## - عناصر المدخل الإضافي( كوها)
مصدر التصنيف او مخطط الترفيف Dewey Decimal Classification
Koha [default] item type كتاب
Holdings
حالة التراجع حالة الفقد حالة تلف ليس للاعارة المكان المؤقت الموقع الحالى تاريخ الاكتساب اجمالي اﻻعارات رقم الطلب الباركود تاريخ اخر مشاهدة تاريخ تفعيل السعر نوع وعاء كوها
        مكتبة القاهرة الكبرى مكتبة القاهرة الكبرى 03/26/2014   د\050 116144 03/26/2014 03/26/2014 كتاب

Powered By

EGPV